• 首页
  • 本馆介绍
  • 公告通知
  • 最新文献
  • 馆藏检索
  • 电子资源
  • 读者导购
  • 参考咨询
  • 我的图书馆
  • 登录
  • 详细信息显示
  • 放入我的书架
  • 预约/预借图书
  • 作者相关作品
  • 分类相关作品
  • 丛书相关作品
  • 出版社相关作品

书目信息

  • 表格格式
  • 工作单格式
  • 卡片格式
题名:
平凡的真理
    
 
作者: 冯定 著
分册:  
出版信息: 北京   中国青年出版社  1955.10
页数: 378页
开本: 20cm
丛书名:
单 册:
中图分类: B02
科图分类:
主题词: 辩证唯物主义
电子资源:
ISBN:
000 00519nam0 2200205 45
001 0306250839
005 20040330160902.8
010    @dCNY1.00
091    @a2009.6
100    @a20030625d1955 km y0chiy0120 ea
101 0  @achi
105    @a z 000yy
200 1  @a平凡的真理@APing Fan De Zhen Li@f冯定著@FFeng Ding Zhu
210    @a北京@c中国青年出版社@d1955.10
215    @a378页@d20cm
606 0  @a辩证唯物主义
690    @aB02@v3
701  0 @a冯定@4著
801    @aCN@bTSTC@c20030625
905    @dB02@e16@f1@b54420
    
    平凡的真理/冯定著.-北京:中国青年出版社,1955.10
    378页;20cm
    
    
    ISBN :CNY1.00
    
●
相关链接 在E读中查询图书 在五车中查询图书 在当当中查询图书 在豆瓣中查询图书


正题名:平凡的真理     索取号:B02/16         预约/预借

序号 登录号 条形码 馆藏地/架位号 状态 备注
1 0028769   001823824   密集书库/ [索取号:B02/16] 在馆    
2 0054420   001923565   密集书库/ [索取号:B02/16] 在馆    
唐山师范学院图书馆 欢迎您!
大连网信软件有限公司© 版权所有